| 000 | 00532nam a22002054a 4500 | ||
|---|---|---|---|
| 001 | 82635 | ||
| 003 | BD-RjUL | ||
| 005 | 20240116114214.0 | ||
| 008 | 240116s1961 xx ab b 001 0beng | ||
| 035 | _a(BD-RjUL)82635 | ||
| 040 |
_aBGU _beng _cBD-RjUL |
||
| 041 | _aeng | ||
| 082 |
_223 _a823 _bROD 1961 |
||
| 100 | 1 |
_aRohmer, Sax _910863 |
|
| 245 | 1 | 4 |
_aThe devil's doctor \ _cSax Rohmer |
| 250 | _a1st American ed. | ||
| 260 |
_aLondon : _bworld distrbutions, _c1961 |
||
| 300 |
_a221 p. : _bill., maps. _c18 cm |
||
| 942 |
_2ddc _cBK |
||
| 999 |
_c82635 _d82635 |
||